عرض عادي عرض مارك
  • شيفر، شيرلي دبليو

مدخل إسم شخص

عدد التسجيلات المستخدمة في: 1

001 - رقم الضبط

  • حقل الضبط: 37246

003 - معرف رقم الضبط

  • حقل الضبط: OSt

005 - تاريخ ووقت أخر عملية

  • حقل الضبط: 20130924182924.0

008 - عناصر بيانات ثابتة الطول

  • حقل تحكم ثابت الطول: 130924|||a|||||| | ||| d

040 ## - مصدر الفهرسة

  • هيئة الفهرسة الأصلية: OSt
  • وكالة الكتابة: OSt

100 ## - مدخل -- أسم شخص

  • إسم شخص: شيفر، شيرلي دبليو

670 ## - بيانات المصدر موجوده

  • الاستشهاد بالمصدر: Work cat.: (OSt): ميكر، سي جون 37245, نماذج تدريسية في تعليم الموهوبين / , 2011